Normal view
MARC view
- Conflict (Psychology)
Entry Topical Term
001 - CONTROL NUMBER
- control field: 1216
003 - CONTROL NUMBER IDENTIFIER
- control field: OSt
005 - DATE AND TIME OF LATEST TRANSACTION
- control field: 20170504110348.0
008 - FIXED-LENGTH DATA ELEMENTS
- fixed length control field: 170504|| aca||aabn | a|a d
040 ## - CATALOGING SOURCE
- Original cataloging agency: OSt
- Transcribing agency: OSt
150 ## - HEADING--TOPICAL TERM
- Topical term or geographic name entry element: Conflict (Psychology)
670 ## - SOURCE DATA FOUND
- Source citation: Work cat.: (OSt)0: Mayer, Robert, 1939 July 27- 1214, How to win any argument :, 2005

PORTAL AKMAL
E-MEL JKDM
AKMAL2U
G-BAM
u-PUSTAKA